Statistics for Sleeping Beauty - Once Upon A Dream Lyrics

Click here to take the quiz!

General Stats

  • This quiz has been taken 253 times
  • The average score is 126 of 141

Answer Stats

Answer% Correct
dream
100%
I
100%
i
100%
once
100%
upon
100%
a
99%
you
99%
know
98%
with
97%
the
94%
walked
93%
your
91%
in
89%
eyes
88%
so
88%
familiar
87%
me
86%
is
84%
way
84%
and
83%
it's
83%
that
83%
what
83%
did
82%
do
82%
gleam
82%
love
82%
true
82%
what
82%
at
81%
You'll
80%
you'll
80%
but
78%
But
78%
if
78%
are
76%
seem
74%
they
73%
visions
69%
all
65%
seldom
59%
Yet
41%

Score Distribution

Percentile by Number Answered

Percent of People with Each Score

Your Score History

You have not taken this quiz